00757nam a2200145 a 4500008004100000050002300041110003800064245023900102260003500341300002100376350000900397490003800406500011100444650005600555100415s2007 ||||||||||||||||| || u aUNO(058)GAOR/62/5E aUnited Nations Organisation (UNO)10aUnited Nations voluntary funds administered by the United Nations High Commissioner for Refugees, finacial report and audited financial statements, for year ended 31st December, 2006 and report of the Board of AuditorscUnited Nations aNew YorkbUnited Nationsc2007 avii, 110p. ;ill. a0.00 aGeneral Assembly Official Records aReport of the Board of Auditors General Assembly Official records. Sixty-Second session. Supplement No. 5E aFINANCIAL REPORTING--UNITED NATIONS POPULATION FUND